Responses for Show #3202 - Tuesday, June 30, 1998

John Skelton game 1.

Contestants

[<< previous game]

Jean Dwyer-Dallmann, a bookseller from Poway, California

John Skelton, a lawyer and real estate appraiser from Seattle, Washington

Karim Khan, a digital librarian from Falls Church, Virginia (whose 2-day cash winnings total $18,805)

[next game >>]

Jeopardy! Round responses

PRESIDENTIAL TERMS OF SERVICE
(Alex: We'll give you the term, you identify the president.)
LORD BYRON
CLASSIC "BIG" & "LITTLE" SONGS
INVENTORS
THE POSITION PLAYED
(Alex: Probably sports.)
FAMILIAR PHRASES
    $100 8
Grover Cleveland

John
    $100 23
Eve

Karim
    $100 5
"Little Old Lady From Pasadena"

Jean
    $100 1
Thomas Edison

Karim
    $100 13
Quarterback

John
    $100 18
Lead

Jean
    $200 9
John Adams

John
    $200 24
Poets' Corner at Westminster Abbey

John
    $200 6
"The Little Drummer Boy"

Karim
    $200 2
Vacuum cleaner

Karim
    $200 14
Center (in basketball)

Jean
    $200 19
The trees

Karim
    $300 10
William Henry Harrison

John
    $300 28
Don Juan

Karim
    $300 20
Little green apples

Karim
    $300 3
Celsius

Karim
    $300 15
Pitcher

Karim
    $300 25
"With a grain of salt"

Karim
    $400 11
James Buchanan

John
    $400 29
Harrow

Karim
    $500 21
(Karim: What is "Big John"?)
(Alex: No, we can't accept that.)

"Big Bad John"

Karim
    $400 4
(Karim: Who is Wernher von Braun?)

Robert Goddard

KarimJean
    $400 16
Running back

John
    $400 26
(Alex: We have less than a minute to go.)

Hash

John
    $500 12
Ulysses S. Grant

John
    $500 30
Childe

Karim
    $500 22
"Big Girls Don't Cry"

Jean
    $500 7
(John: Who were the Olds brothers?)

Duryea brothers

John
Triple Stumper
    $500 17
Goaltender (in hockey)

John
    $500 27
(Karim: What is the maddening crowd?)

the madding crowd

KarimJean

Scores at the first commercial break (after clue 15):

Karim John Jean
$700 $1,100 $700

Scores at the end of the Jeopardy! Round:

Karim John Jean
$1,800 $2,600 $1,800

Double Jeopardy! Round responses

A MILLENNIUM AGO
AMERICAN HODGEPODGE
TOUGH BIOLOGY
(Alex: Was it ever easy?)
SORE-SEAT CINEMA
ALL THUMBS
"NATIONAL"ISM
    $200 7
China

John
    $200 12
Alaska

Karim
    $200 5
Andy Warhol

John
    $200 19
Green thumb

Karim
    $200 1
National parks

Karim
    $400 8
Boris Yeltsin

John
    $400 13
(John: What is Massachusetts?)

North Carolina

KarimJohn
    $400 6
Napoleon

John
    $800 2
National Broadcasting Company

Karim
    $600 9
Akihito

John
    $600 14
Idaho

John
    $600 18
Chimera

John
    $600 21
Cleopatra

Jean
    $800 26
Gene Siskel & Roger Ebert

Karim
    $600 3
National Review

Karim
    $800 10
Hosni Mubarak

Karim
    $800 15
Delaware

Karim
    $800 20
Phylogeny

Triple Stumper
    $800 22
Reds

Karim
    $800 24
Thumbnail sketch

John
    $800 4
(Karim: What is the National Front?)

National Socialist Party

KarimJean
    $1000 11
Ethelred

Jean
    $1000 16
Maine

Triple Stumper
    $1000 23
Polypeptides

Triple Stumper
    $1000 25
(Alex: And we have less than a minute to go.)

1900

Karim
    $1000 27
(John: What is thumb-paginated?)
[The end-of-round signal sounds.]

thumb-indexed

John
Triple Stumper
    $1000 17
National Portrait Gallery

Triple Stumper

Scores at the end of the Double Jeopardy! Round:

Karim John Jean
$7,600 $5,000 $4,200

[wagering suggestions for these scores]

Final Jeopardy! Round responses

ASTRONOMY
JeanWhat was the 14th century?
$4,150
JohnWhat is the 17th?
$5,000
KarimWhat is the 20th?
$2,405
the 17th century (first observed by Galileo in 1610)

Final scores:

Karim John Jean
$5,195 $10,000 $50
2nd place: Trip to Kauai Coconut Beach Hotel, Hawaii New champion: $10,000 3rd place: Panasonic 13" Color TV & VCR Combo

Game dynamics:

Coryat scores:

Karim John Jean
$7,500 $5,000 $4,200
23 R
(including 2 DDs),
4 W
(including 1 DD)
18 R,
3 W
9 R,
0 W

Combined Coryat: $16,700

[game clues] [game scores] [suggest correction]

Game tape date: Unknown
The J! Archive is created by fans, for fans. Scraping, republication, monetization, and malicious use prohibited; this site may use cookies and collect identifying information. See terms. The Jeopardy! game show and all elements thereof, including but not limited to copyright and trademark thereto, are the property of Jeopardy Productions, Inc. and are protected under law. This website is not affiliated with, sponsored by, or operated by Jeopardy Productions, Inc. Join the discussion at JBoard.tv.